F1 Winners 2010's - Statistics

General Stats
  • This quiz has been taken 77 times
  • The average score is 10 of 12
Answer Stats
Wins Driver % Correct
73 Lewis Hamilton
100%
48 Sebastian Vettel
97%
8 Max Verstappen
96%
11 Fernando Alonso
94%
23 Nico Rosberg
88%
8 Jenson Button
85%
7 Valtteri Bottas
84%
7 Daniel Ricciardo
82%
2 Charles Leclerc
81%
3 Kimi Raikkonen
81%
7 Mark Webber
69%
1 Pastor Maldonado
66%
No matching quizzes found
Score Distribution
Percent of People with Each Score
Percentile by Number Answered
Your Score History
You have not taken this quiz